Online
Catalog

Lógica y geometría moderna : (Record no. 54223)

MARC details
000 -CABECERA
campo de control de longitud fija 01264nam a2200289 i 4500
003 - IDENTIFICADOR DEL NÚMERO DE CONTROL
campo de control DO-SdBNP
005 - FECHA Y HORA DE LA ÚLTIMA TRANSACCIÓN
campo de control 20230720151017.0
006 - CÓDIGOS DE INFORMACIÓN DE LONGITUD FIJA--CARACTERÍSTICAS DEL MATERIAL ADICIONAL
campo de control de longitud fija a||||gr|||| 00| 0
007 - CAMPO FIJO DE DESCRIPCIÓN FÍSICA--INFORMACIÓN GENERAL
campo de control de longitud fija ta
008 - DATOS DE LONGITUD FIJA--INFORMACIÓN GENERAL
campo de control de longitud fija 230720e1996 dr a|||| |||| 00| 0 spa d
040 ## - FUENTE DE LA CATALOGACIÓN
Centro catalogador/agencia de origen DO-SdBNP
Lengua de catalogación spa
Centro/agencia transcriptor BNPHU
Normas de descripción rda
082 #4 - NÚMERO DE LA CLASIFICACIÓN DECIMAL DEWEY
Número de edición 22
Número de documento/Ítem S232l
100 1# - ENTRADA PRINCIPAL--NOMBRE DE PERSONA
Nombre de persona Santana, Julián
9 (RLIN) 37409
Término indicativo de función/relación autor
245 10 - MENCIÓN DE TÍTULO
Título Lógica y geometría moderna :
Resto del título 2do. curso del bachillerato. /
Mención de responsabilidad, etc. Julián Santana, Roberto Herrera; colaboradores, Alejandro Gutiérrez, Fernando Abréu
264 #4 - PRODUCCIÓN, PUBLICACIÓN, DISTRIBUCIÓN, FABRICACIÓN Y COPYRIGHT
Producción, publicación, distribución, fabricación y copyright Santo Domingo :
Nombre del de productor, editor, distribuidor, fabricante Guadalupe Herrrera,
-- Ramón Herrera,
Fecha de producción, publicación, distribución, fabricación o copyright 1996
300 ## - DESCRIPCIÓN FÍSICA
Extensión 334 páginas :
Otras características físicas Ilustraciones ;
Dimensiones 21 cm.
336 ## - TIPO DE CONTENIDO
Fuente rdacontent
Término de tipo de contenido texto
Código de tipo de contenido txt
337 ## - TIPO DE MEDIO
Fuente rdamedia
Nombre/término del tipo de medio sin medición
Código del tipo de medio n
338 ## - TIPO DE SOPORTE
Fuente rdacarrier
Nombre/término del tipo de soporte volumen
Código del tipo de soporte nc
500 ## - NOTA GENERAL
Nota general Edición adaptado al Plan Decenal.
500 ## - NOTA GENERAL
Nota general Este libro ha sido autorizado por Secretaría de Estado de Educación Bellas Artes y /cultos, como texto básico para el segundo de bachillerato, mediante oficio No. 6599 de fecha 26 de julio de 1985 y revaluado en agosto de 1994.
590 ## - NOTA LOCAL (RLIN)
Nota local Inventariado 2023 / MF
700 1# - PUNTO DE ACCESO ADICIONAL--NOMBRE DE PERSONA
Nombre de persona Roberto, Herrera,
9 (RLIN) 51944
Término indicativo de función/relación autor
700 1# - PUNTO DE ACCESO ADICIONAL--NOMBRE DE PERSONA
Nombre de persona Gutierrez, Alejandro,
9 (RLIN) 65226
Término indicativo de función/relación colaborador
700 1# - PUNTO DE ACCESO ADICIONAL--NOMBRE DE PERSONA
Nombre de persona Abréu, Fernando,
Término indicativo de función/relación colaborador
9 (RLIN) 74364
942 ## - ELEMENTOS DE PUNTO DE ACCESO ADICIONAL (KOHA)
Fuente del sistema de clasificación o colocación Dewey Decimal Classification
Tipo de ítem Koha Libro
Holdings
Estado de retiro Estado de pérdida Fuente del sistema de clasificación o colocación Restricciones de uso No para préstamo Código de colección Localización permanente Ubicación/localización actual Ubicación en estantería Fecha de adquisición Total de préstamos Signatura topográfica completa Código de barras Fecha visto por última vez Precio válido a partir de Tipo de ítem Koha
    Dewey Decimal Classification Excluido de préstamo   Patrimonio Dominicano Biblioteca Nacional Pedro Henríquez Ureña Biblioteca Nacional Pedro Henríquez Ureña En catalogación 20.07.2023   S232l 2023-4994 20.07.2023 20.07.2023 Libro

Powered by Koha